Normal view
MARC view
- سعد، محمود حسان
Entry Personal Name
001 - CONTROL NUMBER
- control field: 57675
003 - CONTROL NUMBER IDENTIFIER
- control field: JO-AjAnu
005 - DATE AND TIME OF LATEST TRANSACTION
- control field: 20230606083437.0
008 - FIXED-LENGTH DATA ELEMENTS
- fixed length control field: 230606|| aca||aabn | a|a d
040 ## - CATALOGING SOURCE
- Original cataloging agency: JO-AjAnu
- Transcribing agency: JO-AjAnu
100 ## - HEADING--PERSONAL NAME
- Personal name: سعد، محمود حسان
670 ## - SOURCE DATA FOUND
- Source citation: Work cat.: (JO-AjAnu)29428: سعد، محمود حسان , author, التربيه العمليه بين النظريه والتطبيق